[Event "OP-2021-0-05181"]
[Site "LSS email"]
[Date "2021.09.02"]
[Round "?"]
[White "Molina, Vicente Andres"]
[Black "Joubert, Hennie"]
[Result "1-0"]
[WhiteElo "708"]
[BlackElo "800"]
[PlyCount "69"]
[EventDate "2021.08.25"]
[EventType "tourn (corr)"]
[EventRounds "4"]
[EventCountry "GER"]
[SourceTitle "Corr 2024"]
[Source "ChessBase"]
[SourceDate "2023.10.19"]
[SourceVersion "1"]
[SourceVersionDate "2023.10.19"]
[SourceQuality "1"]

1. e4 e5 2. Nc3 Nf6 3. Bc4 Nc6 4. d3 h6 5. f4 d6 6. Nf3 Bg4 7. 0-0 Be7 8. Nd5 Nd4 9. fxe5 dxe5 10. Nxe7 Qxe7 11. c3 Nxf3+ 12. gxf3 Bh3 13. Re1 Qc5+ 14. Be3 Qc6 15. d4 exd4 16. Qxd4 0-0 17. Qc5 Qxc5 18. Bxc5 Rfe8 19. Rad1 b6 20. Bf2 c5 21. Bb5 Re5 22. Be3 a6 23. Bf4 Re7 24. Bf1 Bxf1 25. Kxf1 Raa7 26. Bd6 Red7 27. e5 Ne8 28. Re4 Nxd6 29. exd6 Ra8 30. Re7 Rad8 31. Rxd7 Rxd7 32. Ke2 Kf8 33. Ke3 Ke8 34. Ke4 g6 35. Kd5 1-0

[Event "OP-2021-0-05181"]
[Site "LSS email"]
[Date "2021.09.02"]
[Round "?"]
[White "Trevis, Robert"]
[Black "Joubert, Hennie"]
[Result "1-0"]
[WhiteElo "1046"]
[BlackElo "800"]
[PlyCount "33"]
[EventDate "2021.08.25"]
[EventType "tourn (corr)"]
[EventRounds "4"]
[EventCountry "GER"]
[SourceTitle "Corr 2024"]
[Source "ChessBase"]
[SourceDate "2023.10.19"]
[SourceVersion "1"]
[SourceVersionDate "2023.10.19"]
[SourceQuality "1"]

1. Nf3 Nf6 2. d4 g6 3. c4 Bg7 4. Nc3 0-0 5. e4 d6 6. Be2 e5 7. Be3 Nc6 8. d5 Ne7 9. 0-0 c6 10. dxc6 bxc6 11. Qd2 Be6 12. Rad1 Ne8 13. Ng5 a5 14. Nxe6 fxe6 15. Bg4 Qd7 16. Na4 Ra6 17. Nc5 1-0